000 00330nam a2200121Ia 4500
005 20251222154334.0
008 251222s9999||||xx |||||||||||||| ||spa||
020 _a84-01-37461-8
082 _a946.08/V66
100 _a"Villalobos, José Luis De"
245 0 _aEl Rey: Conversaciones con Don Juan Carlos I de España
942 _cLIB
999 _c34264
_d34264